LEADER 01042nam a2200289 i 4500 001 000000160360 003 CaOOAMICUS 005 20070319000000.0 008 070319s1987 it u000 u ita u 013 $a137723 020 $a88-18-23018-2 040 $aSeMil$bita 100 1 $aMei, Francesco.$0(OLS)http://semarc/name/23373 245 10$aOscar Wilde /$cFrancesco Mei. 260 $aMilano :$bRusconi,$c1987. 300 $a253 p., [12] p. di tav. :$bill. ;$c22 cm. 490 0 $aLe vite 500 $aFondo Card. Giovanni Colombo. 600 14$aWilde, Oscar <1854-1900>.$0(OLS)http://semarc/subject/10913 830 3$aLe vite.$0(OLS)http://semarc/title/7309 850 $aSeMil 852 $aSeMil$W1$xVenegono$y1$m1O II 143$j111835$B111835$CSeMilBibl$Z2$F121751 $81 941 1 $a3 961 $aLascito: Colombo Card. Giovanni 996 $6020$a88-18-23018-2$9(OLS)http://semarc/number/76153 996 $6245$aOscar Wilde$9(OLS)http://semarc/title/142961 996 $6260$aMilano :$bRusconi$9(OLS)http://semarc/publisher/30258 LEADER 01581nam a2200325 4500 001 000000359690 003 CaOOAMICUS 005 20240905150627.0 008 240905s1741 it 000 u ita r 026 $ac.1. lir- t,em s;c- (S) 1741 (Q) 040 $aSeMil$bita 100 11$aStampa, Carlo Gaetano.$0(OLS)http://semarc/name/58522 245 10$aCarolus Cajetanus miseratione divinità tituli S. Alexiis R. E. praesb. card. Stampa sanctae Mediolanensis Ecclesiae Archiepiscopus. Pro parte Collegii ... Benedictus P.P. 14. 264 1$c(Milano, 1741) 300 $a1 manifesto ;$cfol. 500 $aIncipit del testo: Ad futuram rei memoriam. Exponi nobis nuper fecerunt ... 500 $aData di emanazione in calce: Milano, 24 aprile 1741 500 $aFirmatari in calce: signat. C.C. cardinalis Archiepiscopus &c. 700 1 $aBenedictus XIV,$c.$0(OLS)http://semarc/name/2625 710 2 $aArcidiocesi di Milano.$0(OLS)http://semarc/name/400 850 $aSeMil 852 $aSeMil$W1$xVenegono$y1$m3Z VI 17/3 FA$j250619$B250737$CSeMilBibl$Z2$F250737 $8I 900 1 $aLambertini, Prospero. 900 0 $aBenedetto XIV$c. 941 1 $a10 996 $6245$aCarolus Cajetanus miseratione divinità tituli S. Alexiis R. E. praesb. card. Stampa sanctae Mediolanensis Ecclesiae Archiepiscopus. Pro parte Collegii ... Benedictus P.P. 14.$9(OLS)http://semarc/title/450089 996 $6264$a[S.l.] :$b[s.n.]$9(OLS)http://semarc/publisher/0